| Tag |
First Indicator |
Second Indicator |
Subfields |
| LEADER |
00000cam a22000008a 4500 |
| 001 |
in00001815821 |
| 005 |
20151025211233.0 |
| 008 |
031007s2003 dcu 000 0 eng |
| 010 |
|
|
|a 2003066338
|
| 020 |
|
|
|a 0309085934 (alk. paper)
|
| 035 |
|
|
|a (OCoLC)ocm53223732
|
| 040 |
|
|
|a DLC
|c DLC
|d TXA
|d UtOrBLW
|
| 042 |
|
|
|a pcc
|
| 049 |
|
|
|a TXAM
|
| 050 |
0 |
0 |
|a HE5620.S34
|b B836 2003
|
| 082 |
0 |
0 |
|a 363.12/572
|2 22
|
| 245 |
0 |
0 |
|a Buckling up :
|b technologies to increase seat belt use /
|c Committee for a Safety Belt Technolpgy Study, Transportation Research Board of the National Academies.
|
| 264 |
|
1 |
|a Washington, DC :
|b Transportation Research Board,
|c 2003.
|
| 300 |
|
|
|a 103 pages ;
|c 23 cm.
|
| 336 |
|
|
|a text
|b txt
|2 rdacontent
|
| 337 |
|
|
|a unmediated
|b n
|2 rdamedia
|
| 338 |
|
|
|a volume
|b nc
|2 rdacarrier
|
| 490 |
1 |
|
|a Special report / Transportation Research Board ;
|v 278
|
| 650 |
|
0 |
|a Automobiles
|x Seat belts.
|
| 650 |
|
0 |
|a Automobiles
|x Seat belts
|x Technological innovations.
|
| 710 |
2 |
|
|a National Research Council (U.S.).
|b Committee for a Safety Belt Technology Study.
|
| 830 |
|
0 |
|a Special report (National Research Council (U.S.). Transportation Research Board) ;
|v 278.
|
| 994 |
|
|
|a E0
|b TXA
|
| 948 |
|
|
|a cataloged
|b h
|c 2004/5/17
|d c
|e blrosas
|f 1:08:06 pm
|
| 999 |
|
|
|a MARS
|
| 999 |
f |
f |
|s c945d090-666d-3efe-9620-8b2d936e109e
|i 64d29d58-be52-374a-a5d5-3bfaf9abe04b
|t 0
|
| 952 |
f |
f |
|p ric
|a Texas A&M University
|b Rellis Campus
|c Joint Library Facility
|d Remote Storage
|t 0
|e HE5620.S34 B836 2003
|h Library of Congress classification
|i unmediated -- volume
|m A14831905214
|
| 998 |
f |
f |
|a HE5620.S34 B836 2003
|t 0
|l Remote Storage
|